000 00377nam a22001457a 4500
003 MACL
005 20170609123742.0
008 170609b xxu||||| |||| 00| 0 eng d
040 _cMACL
100 _aVaid Rajkumari
_967408
245 _aObjective Space and Solar System
260 _aDelhi
_bLion Books International
_c2016
650 _aSolor System
_967409
942 _2ddc
_cBK
999 _c56500
_d56500